|
|
|
|
| LEADER |
00000nam0a2200000 4500 |
| 001 |
46953 |
| 005 |
20231101211047.0 |
| 035 |
|
|
|a (RuTPU)RU\TPU\book\49030
|
| 090 |
|
|
|a 46953
|
| 100 |
|
|
|a 20030129d1982 km y0rusy50 ca
|
| 101 |
0 |
|
|a rus
|
| 102 |
|
|
|a RU
|
| 105 |
|
|
|a a g 001zy
|
| 200 |
1 |
|
|a Акустические кристаллы
|e справочник
|f А. А. Блистанов, В. С. Бондаренко, Н. В. Переломова, Ф. Н. Стрижевская
|g Под ред. М. П. Шаскольской
|
| 210 |
|
|
|a Москва
|c Наука
|d 1982
|
| 215 |
|
|
|a 632 с.
|c ил.
|
| 320 |
|
|
|a Библиогр.: с. 589-632
|
| 606 |
1 |
|
|a Кристаллофизика
|2 stltpush
|3 (RuTPU)RU\TPU\subj\80213
|9 87985
|
| 606 |
1 |
|
|a Акустоэлектроника
|x (физика)
|2 stltpush
|3 (RuTPU)RU\TPU\subj\1713
|9 30419
|
| 610 |
1 |
|
|a кристаллография
|
| 610 |
1 |
|
|a физико-механические свойства
|
| 610 |
1 |
|
|a справочники
|
| 610 |
1 |
|
|a материалы
|
| 675 |
|
|
|a 548.0:53(035)
|v 3
|
| 675 |
|
|
|a 534.2(035)
|v 3
|
| 701 |
|
1 |
|a Блистанов
|b А. А.
|g Александр Алексеевич
|
| 701 |
|
1 |
|a Бондаренко
|b В. С.
|g Виктор Степанович
|
| 701 |
|
1 |
|a Переломова
|b Н. В.
|g Наталья Владиславовна
|
| 701 |
|
1 |
|a Стрижевская
|b Ф. Н.
|g Фаина Наумовна
|
| 702 |
|
1 |
|a Шаскольская
|b М. П.
|g Марианна Петровна
|4 340
|
| 801 |
|
1 |
|a RU
|b 63413507
|c 20030129
|g PSBO
|
| 801 |
|
2 |
|a RU
|b 63413507
|c 20200609
|g PSBO
|
| 942 |
|
|
|c BK
|